[Event "Oberliga Ost-A 2122"]
[Site "Germany"]
[Date "2022.07.09"]
[Round "6.4"]
[White "Schulte, Felix"]
[Black "Schulze, Nick"]
[Result "1-0"]
[WhiteElo "2163"]
[BlackElo "1953"]
[PlyCount "67"]
[EventDate "2021.10.10"]
[EventType "team-tourn"]
[EventRounds "11"]
[EventCountry "GER"]
[SourceTitle "EXT 2023"]
[Source "ChessBase"]
[SourceDate "2022.10.05"]
[SourceVersion "1"]
[SourceVersionDate "2022.10.05"]
[SourceQuality "1"]
[WhiteTeam "Halle USV"]
[BlackTeam "Magdeburg Rochade"]
[WhiteTeamCountry "GER"]
[BlackTeamCountry "GER"]

1. b3 g6 2. Bb2 Nf6 3. e4 d6 4. Nc3 Bg7 5. d4 0-0 6. Bd3 Nbd7 7. Nf3 c5 8. d5 Ng4 9. h3 Nge5 10. Nxe5 Nxe5 11. Be2 Qa5 12. 0-0 Rb8 13. f4 Nc6 14. dxc6 Bxc3 15. Bxc3 Qxc3 16. Rf3 Qa5 17. cxb7 Bxb7 18. Re3 Rfc8 19. Qd3 Qb4 20. c3 Qb6 21. c4 Qc7 22. Rf1 e6 23. f5 exf5 24. exf5 Re8 25. Bf3 Bxf3 26. Rexf3 g5 27. f6 Re5 28. Rf5 h6 29. h4 gxh4 30. Rxe5 dxe5 31. Qe3 Qd6 32. Qxh6 Qd4+ 33. Kh1 Qg4 34. Rf5 1-0

[Event "Oberliga Ost-A 2122"]
[Site "Germany"]
[Date "2022.05.07"]
[Round "9.5"]
[White "Schulze, Nick"]
[Black "Rohne, Lars"]
[Result "1/2-1/2"]
[WhiteElo "1953"]
[BlackElo "2111"]
[PlyCount "55"]
[EventDate "2021.10.10"]
[EventType "team-tourn"]
[EventRounds "11"]
[EventCountry "GER"]
[SourceTitle "EXT 2023"]
[Source "ChessBase"]
[SourceDate "2022.10.05"]
[SourceVersion "1"]
[SourceVersionDate "2022.10.05"]
[SourceQuality "1"]
[WhiteTeam "Magdeburg Rochade"]
[BlackTeam "Leipzig VfB"]
[WhiteTeamCountry "GER"]
[BlackTeamCountry "GER"]

1. e4 c5 2. Nf3 d6 3. d4 cxd4 4. Nxd4 Nf6 5. Nc3 a6 6. Be2 e5 7. Nb3 Be6 8. 0-0 Be7 9. Kh1 Nbd7 10. f4 Rc8 11. f5 Bc4 12. g4 h6 13. Be3 Bxe2 14. Qxe2 Rxc3 15. bxc3 Nxe4 16. Qf3 Ndf6 17. Nd2 Nxd2 18. Bxd2 Qc7 19. Rab1 e4 20. Qg3 Qc6 21. Be3 Nd7 22. Bd4 0-0 23. h4 f6 24. Qe3 d5 25. Rb3 b5 26. Rfb1 Re8 27. Rg1 Kf7 28. Rbb1 1/2-1/2

[Event "Sachsen-Anhalt-ch 30th"]
[Site "Magdeburg"]
[Date "2020.10.24"]
[Round "5.2"]
[White "Niering, Martin"]
[Black "Schulze, Nick"]
[Result "1-0"]
[WhiteElo "2172"]
[BlackElo "1950"]
[PlyCount "81"]
[EventDate "2020.10.22"]
[EventType "swiss"]
[EventRounds "7"]
[EventCountry "GER"]
[SourceTitle "EXT 2022"]
[Source "ChessBase"]
[SourceDate "2021.10.06"]
[SourceVersion "1"]
[SourceVersionDate "2021.10.06"]
[SourceQuality "1"]

1. e4 c5 2. Be2 Nc6 3. d3 e6 4. f4 d5 5. Nf3 dxe4 6. dxe4 Qxd1+ 7. Bxd1 Nf6 8. e5 Nd5 9. c3 b6 10. Be2 Bb7 11. Na3 a6 12. Ng5 Be7 13. Ne4 f5 14. exf6 gxf6 15. Bh5+ Kd7 16. 0-0 Kc7 17. f5 e5 18. Bh6 Bf8 19. Bd2 Bg7 20. Rad1 Rad8 21. Bf7 Nce7 22. Ng3 Nf4 23. Bxf4 exf4 24. Nh5 Bh6 25. Be6 Bg5 26. c4 Be4 27. h4 Bxh4 28. Rxd8 Rxd8 29. Rxf4 Bxf5 30. Bxf5 Nxf5 31. Rxf5 Rd1+ 32. Rf1 Rd2 33. Nb1 Rxb2 34. Nc3 Rc2 35. Rf3 f5 36. Nf4 Kd6 37. Nfd5 Ke5 38. Nxb6 Rc1+ 39. Kh2 f4 40. Kh3 Kf5 41. Kxh4 1-0

[Event "Sachsen-Anhalt-ch 30th"]
[Site "Magdeburg"]
[Date "2020.10.22"]
[Round "1.4"]
[White "Schulze, Nick"]
[Black "Schulte, Felix"]
[Result "0-1"]
[WhiteElo "1950"]
[BlackElo "2161"]
[PlyCount "60"]
[EventDate "2020.10.22"]
[EventType "swiss"]
[EventRounds "7"]
[EventCountry "GER"]
[SourceTitle "EXT 2022"]
[Source "ChessBase"]
[SourceDate "2021.10.06"]
[SourceVersion "1"]
[SourceVersionDate "2021.10.06"]
[SourceQuality "1"]

1. e4 c5 2. Nf3 e6 3. d4 cxd4 4. Nxd4 a6 5. Nc3 Qc7 6. Bd3 b5 7. a3 Nf6 8. 0-0 Be7 9. Re1 d6 10. f4 Nbd7 11. Kh1 0-0 12. f5 e5 13. Nb3 Bb7 14. g4 d5 15. g5 Nxe4 16. Bxe4 dxe4 17. Nxe4 Rfd8 18. Qf3 Qxc2 19. Bd2 Nb6 20. Ba5 Rd3 21. Nf6+ gxf6 22. Qxb7 Qxb3 23. gxf6 Bxf6 24. Qg2+ Kh8 25. Bxb6 Rg8 26. Qe4 Rd2 27. Rg1 Rb8 28. Bc7 Qxb2 29. Rgf1 Rxh2+ 30. Kg1 Rg8+ 0-1

[Event "Sachsen-Anhalt Landesliga-A 1920"]
[Site "Sachsen Anhalt"]
[Date "2020.09.20"]
[Round "8.5"]
[White "Steinhausen, Fred"]
[Black "Schulze, Nick"]
[Result "0-1"]
[WhiteElo "1582"]
[BlackElo "2037"]
[PlyCount "50"]
[EventDate "2019.09.29"]
[EventType "team-tourn"]
[EventRounds "9"]
[EventCountry "GER"]
[SourceTitle "EXT 2023"]
[Source "ChessBase"]
[SourceDate "2022.10.05"]
[SourceVersion "1"]
[SourceVersionDate "2022.10.05"]
[SourceQuality "1"]
[WhiteTeam "Dahlenwarsleben"]
[BlackTeam "Magdeburg Rochade II"]
[WhiteTeamCountry "GER"]
[BlackTeamCountry "GER"]

1. e4 c5 2. Nf3 Nc6 3. d4 cxd4 4. Nxd4 Nf6 5. Nc3 e5 6. Nxc6 bxc6 7. Bd3 Bc5 8. 0-0 0-0 9. h3 d5 10. exd5 cxd5 11. Bg5 Be6 12. Be2 Qd7 13. Bxf6 gxf6 14. Bh5 Kh8 15. Qf3 f5 16. Rad1 Rad8 17. Kh1 Rg8 18. Qe2 e4 19. g4 d4 20. b3 Qc8 21. Na4 fxg4 22. Nxc5 Qxc5 23. Rg1 Qxh5 24. Rg3 Qf5 25. Rdg1 gxh3 0-1

[Event "Sachsen-Anhalt Landesliga-A 1920"]
[Site "Sachsen Anhalt"]
[Date "2019.11.17"]
[Round "3.4"]
[White "Schulze, Nick"]
[Black "Krajewski, Christian"]
[Result "1-0"]
[WhiteElo "2037"]
[BlackElo "1640"]
[PlyCount "99"]
[EventDate "2019.09.29"]
[EventType "team-tourn"]
[EventRounds "9"]
[EventCountry "GER"]
[SourceTitle "EXT 2023"]
[Source "ChessBase"]
[SourceDate "2022.10.05"]
[SourceVersion "1"]
[SourceVersionDate "2022.10.05"]
[SourceQuality "1"]
[WhiteTeam "Magdeburg Rochade II"]
[BlackTeam "Magdeburg USC III"]
[WhiteTeamCountry "GER"]
[BlackTeamCountry "GER"]

1. e4 c6 2. d4 d5 3. Nc3 dxe4 4. Nxe4 Nf6 5. Ng3 g6 6. Nf3 Bg7 7. Bc4 Bg4 8. Bxf7+ Kxf7 9. Ne5+ Kf8 10. Nxg4 Nxg4 11. Qxg4 Bxd4 12. Bh6+ Bg7 13. Qf3+ Kg8 14. Qb3+ Qd5 15. Qxb7 Bxh6 16. Rd1 Qe5+ 17. Ne2 Kf7 18. Qxa8 Qa5+ 19. c3 Qb6 20. Rd4 a5 21. b4 Bg7 22. Rf4+ Bf6 23. Qxa5 Qxa5 24. bxa5 Nd7 25. Ra4 Nc5 26. Rc4 Nd3+ 27. Kd2 Rd8 28. Kc2 Ne5 29. Rd4 Ra8 30. Ra4 c5 31. Rb1 Nc6 32. a6 Be5 33. Rb6 Nb8 34. a7 Nd7 35. Rba6 Bc7 36. Nf4 Nb6 37. Re4 Nc8 38. Nd5 Bd6 39. Rea4 e6 40. Rxd6 exd5 41. Rxd5 Nb6 42. Rf4+ Ke6 43. Rxc5 Rxa7 44. Rc6+ Ke5 45. Rb4 Nd5 46. Rb5 Rxa2+ 47. Kd3 Rxf2 48. c4 Rxg2 49. Rxd5+ Kf4 50. h4 1-0

[Event "Vellmar op 11th"]
[Site "Vellmar"]
[Date "2019.07.07"]
[Round "6"]
[White "Schulze, Nick"]
[Black "Schnegelsberg, Karl Heinz"]
[Result "0-1"]
[WhiteElo "1775"]
[BlackElo "2043"]
[PlyCount "48"]
[EventDate "2019.07.04"]
[EventType "swiss"]
[EventRounds "7"]
[EventCountry "GER"]
[SourceTitle "CBM 191 Extra"]
[Source "ChessBase"]
[SourceDate "2019.09.30"]
[SourceVersion "1"]
[SourceVersionDate "2019.09.30"]
[SourceQuality "1"]

1. e4 e6 2. d4 d5 3. Nc3 Bb4 4. e5 c5 5. a3 Bxc3+ 6. bxc3 Nc6 7. Qg4 g6 8. Nf3 Qa5 9. Bd2 Qa4 10. Ra2 Bd7 11. Bd3 0-0-0 12. 0-0 f6 13. Rb1 Nxe5 14. Nxe5 fxe5 15. Bb5 Nf6 16. Qe2 Bxb5 17. Rxb5 Ne4 18. Rab2 Rd7 19. f3 a6 20. Rb6 Nxd2 21. dxc5 Nc4 22. c6 Nxb6 23. Rxb6 Rc7 24. Qxe5 Re8 0-1

[Event "Vellmar op 11th"]
[Site "Vellmar"]
[Date "2019.07.06"]
[Round "4"]
[White "Schulze, Nick"]
[Black "Nielsen, Michael Volstrup"]
[Result "1/2-1/2"]
[WhiteElo "1775"]
[BlackElo "1912"]
[PlyCount "88"]
[EventDate "2019.07.04"]
[EventType "swiss"]
[EventRounds "7"]
[EventCountry "GER"]
[SourceTitle "CBM 191 Extra"]
[Source "ChessBase"]
[SourceDate "2019.09.30"]
[SourceVersion "1"]
[SourceVersionDate "2019.09.30"]
[SourceQuality "1"]

1. e4 d6 2. d4 Nf6 3. Nc3 Nbd7 4. Be3 e5 5. Nf3 Be7 6. Bc4 c6 7. 0-0 b5 8. dxe5 dxe5 9. Bb3 b4 10. Bxf7+ Kxf7 11. Ng5+ Kg8 12. Qd3 Nb6 13. Qe2 bxc3 14. Rad1 Qc7 15. Bxb6 Qxb6 16. Qc4+ Nd5 17. Rxd5 cxd5 18. Qxd5+ Be6 19. Qxa8+ Bf8 20. bxc3 Bxa2 21. Ra1 h6 22. Nf3 Kh7 23. Qc8 Be6 24. Qa6 Bc5 25. Qxb6 Bxb6 26. Nxe5 Rc8 27. Ra3 Rc5 28. Nd3 Rc4 29. e5 Re4 30. g3 Re2 31. Kf1 Rxc2 32. Ke1 Bc4 33. Nf4 Rxf2 34. Ra4 Bb5 35. Re4 Rxh2 36. e6 Rc2 37. Nd5 Be8 38. Kd1 Rb2 39. c4 Kg8 40. Rf4 Ra2 41. e7 Bf7 42. Re4 Be8 43. Rf4 Bf7 44. Re4 Be8 1/2-1/2

[Event "Vellmar op 11th"]
[Site "Vellmar"]
[Date "2019.07.05"]
[Round "2"]
[White "Jensen, Jacob Bjerre"]
[Black "Schulze, Nick"]
[Result "1-0"]
[WhiteElo "2173"]
[BlackElo "1775"]
[PlyCount "53"]
[EventDate "2019.07.04"]
[EventType "swiss"]
[EventRounds "7"]
[EventCountry "GER"]
[SourceTitle "CBM 191 Extra"]
[Source "ChessBase"]
[SourceDate "2019.09.30"]
[SourceVersion "1"]
[SourceVersionDate "2019.09.30"]
[SourceQuality "1"]

1. d4 Nf6 2. c4 e6 3. Nc3 c5 4. d5 exd5 5. cxd5 d6 6. e4 g6 7. f4 Bg7 8. Bb5+ Nfd7 9. a4 Qh4+ 10. g3 Qe7 11. Nf3 Bxc3+ 12. bxc3 Qxe4+ 13. Kf2 0-0 14. Re1 Qf5 15. Bd3 Qh5 16. c4 Nf6 17. Bb2 Ng4+ 18. Kg2 f5 19. Qd2 Nd7 20. Qc3 Ngf6 21. Ng5 Nb6 22. Re8 Nbd7 23. Rae1 Qh6 24. R1e7 b5 25. axb5 Rxe8 26. Rxe8+ Kg7 27. Qe1 1-0

[Event "Sachsen-Anhalt Landesliga A 18/19"]
[Site "Sachsen Anhalt"]
[Date "2018.10.21"]
[Round "2.3"]
[White "Grochulla, Alexander"]
[Black "Schulze, Nick"]
[Result "1-0"]
[WhiteElo "1701"]
[BlackElo "1818"]
[PlyCount "119"]
[EventDate "2018.09.23"]
[EventType "team-tourn"]
[EventRounds "9"]
[EventCountry "GER"]
[SourceTitle "EXT 2022"]
[Source "ChessBase"]
[SourceDate "2021.10.06"]
[SourceVersion "1"]
[SourceVersionDate "2021.10.06"]
[SourceQuality "1"]
[WhiteTeam "Gardelegen"]
[BlackTeam "Magdeburg Rochade II"]
[WhiteTeamCountry "GER"]
[BlackTeamCountry "GER"]

1. e4 c5 2. Nf3 d6 3. Bc4 Nc6 4. 0-0 Bg4 5. Bxf7+ Kxf7 6. Ng5+ Ke8 7. Qxg4 Nf6 8. Qe2 Nd4 9. Qd3 e5 10. c3 h6 11. Nh3 Ne6 12. Qe3 g5 13. f3 Nh5 14. b3 b5 15. Bb2 Qb6 16. Na3 Be7 17. Nc2 Bd8 18. g3 Rc8 19. Kg2 c4 20. Nf2 Qb7 21. Ng4 Bb6 22. Qe1 Nc5 23. bxc4 Nd3 24. Qb1 bxc4 25. Nb4 Nxb2 26. Qxb2 Bc5 27. Nd3 Qxb2 28. Nxb2 Ba3 29. Rab1 Kf7 30. Ne3 Ng7 31. Nbxc4 Bc5 32. Rb7+ Kg6 33. Rfb1 Rhf8 34. Nd5 Rce8 35. Ne7+ Kf6 36. Nd5+ Kg6 37. Na5 Ne6 38. Nc6 g4 39. f4 exf4 40. gxf4 Nxf4+ 41. Nxf4+ Rxf4 42. d4 Bb6 43. e5 dxe5 44. Nxe5+ Kh5 45. Rb5 Rf5 46. Rb2 Ref8 47. Nc4 Rf3 48. Nxb6 axb6 49. R7xb6 R8f5 50. R6b5 Rxb5 51. Rxb5+ Kg6 52. Rc5 Kf6 53. a4 Rd3 54. a5 h5 55. a6 h4 56. Ra5 h3+ 57. Kf2 Rd2+ 58. Ke3 Rxh2 59. a7 Rb2 60. a8Q 1-0

[Event "Vellmar op 9th"]
[Site "Vellmar"]
[Date "2017.07.16"]
[Round "7"]
[White "Von Lossow, Marcus"]
[Black "Schulze, Nick"]
[Result "1-0"]
[WhiteElo "1781"]
[BlackElo "1790"]
[PlyCount "81"]
[EventDate "2017.07.13"]
[EventType "swiss"]
[EventRounds "7"]
[EventCountry "GER"]
[SourceTitle "CBM 179 Extra"]
[Source "ChessBase"]
[SourceDate "2017.08.23"]
[SourceVersion "1"]
[SourceVersionDate "2017.08.23"]
[SourceQuality "1"]

1. e4 c5 2. Nf3 d6 3. d4 cxd4 4. Nxd4 Nf6 5. Nc3 g6 6. Be3 Bg7 7. f3 Nc6 8. Qd2 0-0 9. g4 Be6 10. h4 h5 11. Nxe6 fxe6 12. gxh5 Nxh5 13. Rg1 Ne5 14. Be2 Rxf3 15. Rxg6 Rxe3 16. Rxg7+ Nxg7 17. Qxe3 Qe8 18. 0-0-0 Qg6 19. Rg1 Qh7 20. Qg5 Kf7 21. Rf1+ Ke8 22. Bb5+ Nc6 23. Rg1 Kf7 24. Qf4+ Ke8 25. Qg4 Kf7 26. Rf1+ Ke8 27. Qg5 Nh5 28. Bc4 Kd7 29. Rg1 Ne5 30. Bb5+ Kc7 31. Be2 Nf6 32. Nb5+ Kd7 33. Nxd6 exd6 34. Qxf6 Qxe4 35. Bb5+ Kc7 36. Qf2 Ng4 37. Qd2 Ne3 38. Qa5+ b6 39. Qc3+ Kd8 40. Qh8+ Ke7 41. Qg7+ 1-0

[Event "Vellmar op 9th"]
[Site "Vellmar"]
[Date "2017.07.14"]
[Round "3"]
[White "Schulze, Nick"]
[Black "Schubert, Matthias"]
[Result "0-1"]
[WhiteElo "1790"]
[BlackElo "1916"]
[PlyCount "66"]
[EventDate "2017.07.13"]
[EventType "swiss"]
[EventRounds "7"]
[EventCountry "GER"]
[SourceTitle "CBM 179 Extra"]
[Source "ChessBase"]
[SourceDate "2017.08.23"]
[SourceVersion "1"]
[SourceVersionDate "2017.08.23"]
[SourceQuality "1"]

1. e4 e6 2. d4 d5 3. e5 c5 4. c3 Nc6 5. Nf3 Qb6 6. Be2 cxd4 7. cxd4 Nh6 8. Bxh6 Qxb2 9. Bd2 Qxa1 10. Qb3 Bd7 11. Bc3 Bb4 12. 0-0 Na5 13. Qxb4 Qxa2 14. Nbd2 Nc6 15. Qxb7 Rb8 16. Qc7 Qc2 17. Ba1 Rc8 18. Qd6 a5 19. Bb5 g5 20. Nxg5 Qxd2 21. Nxf7 Rf8 22. Nd8 Qb4 23. Qxb4 Nxb4 24. Bxd7+ Kxd7 25. Nb7 Nd3 26. Nxa5 Nxf2 27. Nb3 Ne4 28. Rb1 Rc2 29. Rf1 Rxf1+ 30. Kxf1 Kc6 31. Ke1 Kb5 32. Kd1 Rxg2 33. Kc1 Kb4 0-1

[Event "GER-chT U12"]
[Site "Verden"]
[Date "2014.12.27"]
[Round "1.3"]
[White "Schulze, Nick"]
[Black "Henning, Marvin"]
[Result "0-1"]
[WhiteElo "1288"]
[BlackElo "1651"]
[PlyCount "72"]
[EventDate "2014.12.27"]
[EventType "team-swiss"]
[EventRounds "7"]
[EventCountry "GER"]
[SourceTitle "EXT 2016"]
[Source "ChessBase"]
[SourceDate "2015.10.08"]
[SourceVersion "1"]
[SourceVersionDate "2015.10.08"]
[SourceQuality "1"]
[WhiteTeam "Gera"]
[BlackTeam "Halle Reideburg"]
[WhiteTeamCountry "GER"]
[BlackTeamCountry "GER"]

1. d4 d6 2. Nf3 g6 3. e3 Bg7 4. c3 Nf6 5. Bd3 Nbd7 6. Qb3 c5 7. Nbd2 a6 8. Bc4 0-0 9. Ng5 d5 10. Bxd5 Nxd5 11. Qxd5 e6 12. Nxe6 fxe6 13. Qxe6+ Kh8 14. Nf3 Ne5 15. Qb3 Nxf3+ 16. gxf3 cxd4 17. cxd4 Rxf3 18. Bd2 Qh4 19. 0-0-0 Qe7 20. Kb1 Bf5+ 21. Ka1 Rxf2 22. Bb4 Qe4 23. Rc1 Rc2 24. Qxc2 Qxc2 25. Rxc2 Bxc2 26. Rf1 Bf5 27. h4 Re8 28. h5 Rxe3 29. hxg6 hxg6 30. d5 Re2 31. Bc3 Bxc3 32. bxc3 Rc2 33. d6 Rd2 34. c4 Rxd6 35. c5 Rc6 36. Rc1 b6 0-1

[Event "GER-ch U12"]
[Site "Oberhof"]
[Date "2013.05.20"]
[Round "3"]
[White "Schulze, Nick"]
[Black "Simon, Tim"]
[Result "0-1"]
[WhiteElo "1257"]
[BlackElo "1640"]
[PlyCount "154"]
[EventDate "2013.05.19"]
[EventType "swiss"]
[EventRounds "11"]
[EventCountry "GER"]
[SourceTitle "CBM 154 Extra"]
[Source "ChessBase"]
[SourceDate "2013.06.25"]
[SourceVersion "2"]
[SourceVersionDate "2013.06.25"]
[SourceQuality "1"]

1. d4 Nf6 2. c4 g6 3. Nc3 d5 4. Nf3 Bg7 5. e3 0-0 6. Bd3 dxc4 7. Bxc4 e6 8. 0-0 Nc6 9. a3 Nd5 10. Qc2 a5 11. Nxd5 exd5 12. Bd3 Bg4 13. Nd2 Re8 14. h3 Be6 15. b3 Ne7 16. Bb2 Nf5 17. Bxf5 Bxf5 18. Qd1 c5 19. Ra2 Qe7 20. Nf3 b5 21. dxc5 Bxb2 22. Rxb2 Qxc5 23. b4 Qc3 24. Rb3 Qc4 25. Rb2 a4 26. Qd2 Rac8 27. Rd1 Red8 28. g4 Be6 29. Rbb1 Qc3 30. Qxc3 Rxc3 31. Ng5 Rxa3 32. Nxe6 fxe6 33. Kg2 Ra2 34. Kg3 Ra8 35. f3 Re2 36. e4 dxe4 37. fxe4 a3 38. Kf3 Rc2 39. Kf4 a2 40. Ra1 Rb2 41. Ke5 Rxb4 42. Kf6 Rxe4 43. Rxa2 Rf4+ 44. Ke5 Rxa2 45. Kxf4 Rf2+ 46. Ke5 Re2+ 47. Kf6 Rf2+ 48. Kxe6 Rf8 49. Rb1 Rb8 50. Kd5 Kf7 51. g5 b4 52. h4 b3 53. Ke5 Rb4 54. Rb2 Ke7 55. Rb1 b2 56. Kd5 Kd7 57. Kc5 Rb7 58. Kd5 Rb5+ 59. Kc4 Kc6 60. Kc3 Kc5 61. Kd3 Rb3+ 62. Kc2 Kc4 63. Rxb2 Rxb2+ 64. Kxb2 Kd4 65. Kc2 Ke4 66. Kc3 Kf4 67. Kd4 Kg4 68. Ke5 Kh5 69. Ke4 Kxh4 70. Kf3 Kxg5 71. Kg3 Kf5 72. Kg2 Kg4 73. Kh2 Kf3 74. Kg1 Kg3 75. Kf1 g5 76. Ke2 g4 77. Ke1 Kh2 0-1

[Event "GER-ch U10"]
[Site "Oberhof"]
[Date "2012.05.29"]
[Round "6"]
[White "Hartmann, Jasmin"]
[Black "Schulze, Nick"]
[Result "0-1"]
[WhiteElo "832"]
[BlackElo "1072"]
[PlyCount "81"]
[EventDate "2012.05.27"]
[EventType "swiss"]
[EventRounds "11"]
[EventCountry "GER"]
[SourceTitle "CBM 148 Extra"]
[Source "ChessBase"]
[SourceDate "2012.06.22"]
[SourceVersion "1"]
[SourceVersionDate "2012.06.22"]
[SourceQuality "1"]

1. e4 e5 2. Nf3 Nc6 3. d4 exd4 4. Nxd4 Bc5 5. Nxc6 bxc6 6. Nc3 d6 7. Bc4 Nf6 8. Bg5 0-0 9. h4 Re8 10. Qe2 d5 11. Bd3 Qd6 12. 0-0-0 h6 13. e5 Rxe5 14. Bh7+ Nxh7 15. Bf4 Rxe2 16. Bxd6 Bxd6 17. Nxe2 Nf6 18. Rhe1 Ba6 19. Nc3 Ng4 20. Rd2 Bf4 21. Kd1 Bxd2 22. Kxd2 Nxf2 23. b3 g5 24. Ke3 Ne4 25. Nxe4 dxe4 26. Rd1 gxh4 27. Kxe4 Kg7 28. Kf3 Kg6 29. g3 h3 30. Rh1 Bc8 31. g4 h5 32. gxh5+ Kxh5 33. Kg3 Be6 34. c3 Rg8+ 35. Kf2 Rg2+ 36. Kf1 Kh4 37. Rg1 Rxg1+ 38. Kxg1 Kg3 39. c4 h2+ 40. Kh1 Bf5 41. c5 0-1

[Event "GER-ch U10"]
[Site "Oberhof"]
[Date "2012.05.28"]
[Round "4"]
[White "Kurz, Annika"]
[Black "Schulze, Nick"]
[Result "0-1"]
[WhiteElo "881"]
[BlackElo "1072"]
[PlyCount "68"]
[EventDate "2012.05.27"]
[EventType "swiss"]
[EventRounds "11"]
[EventCountry "GER"]
[SourceTitle "CBM 148 Extra"]
[Source "ChessBase"]
[SourceDate "2012.06.22"]
[SourceVersion "1"]
[SourceVersionDate "2012.06.22"]
[SourceQuality "1"]

1. e4 e5 2. Nf3 Nc6 3. d4 exd4 4. Bc4 d6 5. c3 Bg4 6. h3 Bh5 7. Qb3 Qd7 8. Ng5 Na5 9. Bxf7+ Bxf7 10. Qc2 0-0-0 11. b4 Nc4 12. Qe2 Nf6 13. Nd2 Nb6 14. e5 dxe5 15. Qxe5 Re8 16. Ne6 Rxe6 17. Qxe6 Qxe6+ 18. Kf1 Nc4 19. Nb3 Ne4 20. Nc5 Nxc5 21. bxc5 Bxc5 22. cxd4 Bxd4 23. Rb1 Qf5 24. f3 Qd3+ 25. Ke1 Re8+ 26. Be3 Qxb1+ 27. Kf2 Bxe3+ 28. Ke2 Qxh1 29. Kd3 Qd1+ 30. Kc3 Qd2+ 31. Kb3 Na5+ 32. Ka4 Qxa2+ 33. Kb4 Qc4+ 34. Ka3 Qb3# 0-1

[Event "GER-ch U10"]
[Site "Oberhof"]
[Date "2012.05.27"]
[Round "2"]
[White "Silber, Fabian"]
[Black "Schulze, Nick"]
[Result "1-0"]
[WhiteElo "838"]
[BlackElo "1072"]
[PlyCount "35"]
[EventDate "2012.05.27"]
[EventType "swiss"]
[EventRounds "11"]
[EventCountry "GER"]
[SourceTitle "CBM 148 Extra"]
[Source "ChessBase"]
[SourceDate "2012.06.22"]
[SourceVersion "1"]
[SourceVersionDate "2012.06.22"]
[SourceQuality "1"]

1. e4 c5 2. Nf3 Nf6 3. Nc3 Nc6 4. Bc4 e6 5. d3 d5 6. Bb5 Bd7 7. e5 d4 8. Na4 Nd5 9. 0-0 a6 10. Bxc6 Bxc6 11. b3 Bxa4 12. bxa4 Nc3 13. Qe1 Nxa4 14. Qe4 b5 15. Qc6+ Ke7 16. Ng5 h6 17. Qb7+ Ke8 18. Qxf7# 1-0